000 00503nam a2200193 a 4500
001 6048
005 20230414123546.0
008 140415s1982 000 0 spa d
041 _aspa
082 _a617.9676
_bJOR
100 1 _aJORGENSEN, NIELS BJORN
245 1 0 _aANESTESIA ODONTOLOGICA
250 _a2a ed.
260 _a[s.l.] :
_bNUEVA EDITORIAL INTERAMERICANA,
_c1982
300 _a270
650 1 4 _aANESTESIA EN ODONTOLOGIA
700 1 _aMERIGO, JORGE A.
_etr.
700 1 _aHAYDEN, JESS
_ecoaut.
999 _c6048
_d6048